Sports Quiz

Random Sports or WWE Quiz

WCW Television Champions Quiz Stats

 Plays Quiz not verified by Sporcle

Also try: MLB HR Groupings
Challenge
Share
Tweet
Embed
Score 0/47 Timer 06:00
0 Plays Today
Reign Wrestler % Correct
33Chris Benoit
89.5%
35Chris Benoit
89.5%
44Chris Benoit
89.5%
30Booker T
88%
32Booker T
88%
34Booker T
88%
36Booker T
88%
38Booker T
88%
42Booker T
88%
7Scott Steiner
80.9%
41Scott Steiner
80.9%
1Arn Anderson
80.4%
14Arn Anderson
80.4%
39Chris Jericho
79.9%
43Rick Steiner
79.9%
45Rick Steiner
79.9%
3Steve Austin
78.5%
5Steve Austin
78.5%
16DDP
78%
18Lex Luger
77%
20Lex Luger
77%
46Scott Hall
72.7%
28Saturn
67.5%
47Jim Duggan
67%
Reign Wrestler % Correct
24Steven Regal
66.5%
6Ricky Steamboat
66%
9Ricky Steamboat
66%
10Lord Steven Regal
66%
12Lord Steven Regal
66%
21Lord Steven Regal
66%
40Konnan
60.8%
2Beautiful Bobby
59.3%
27Disco Inferno
59.3%
29Disco Inferno
59.3%
13Johnny B. Badd
57.4%
17Johnny B. Badd
57.4%
19Johnny B. Badd
57.4%
26Alex Wright
56.9%
4Barry Windham
54.1%
31Rick Martel
48.3%
23Ultimo Dragon
45.9%
25Ultimo Dragon
45.9%
15The Renegade
44.5%
37Fit Finlay
44.5%
22Prince Iaukea
43.5%
11Larry Zbyszko
39.2%
8Paul Orndorff
36.4%

You're not logged in!

Compare scores with friends on all Sporcle quizzes.
OR
Log In

You Might Also Like...

Show Comments

Extras

Top Quizzes Today


Score Distribution

Your Account Isn't Verified!

In order to create a playlist on Sporcle, you need to verify the email address you used during registration. Go to your Sporcle Settings to finish the process.

Report this User

Report this user for behavior that violates our Community Guidelines.

Details: